[Event "RUS-ch Superfinal 60th"]
[Site "Moscow"]
[Date "2007.12.22"]
[Round "4"]
[White "Timofeev, Artyom"]
[Black "Vitiugov, Nikita"]
[Result "0-1"]
[WhiteElo "2637"]
[BlackElo "2594"]
[Annotator "Vitiugov,N"]
[PlyCount "120"]
[EventDate "2007.12.18"]
[EventType "tourn"]
[EventRounds "11"]
[EventCountry "RUS"]
[EventCategory "17"]
[SourceTitle "CBM 122"]
[Source "ChessBase"]
[SourceDate "2008.01.30"]
[SourceVersion "1"]
[SourceVersionDate "2008.01.30"]
[SourceQuality "1"]

{It was my second game against Artyom Timofeev. In Krasnoyarsk I had played a
quiet Paulsen and had had to fight for a draw. This time I decided to play
more sharply, and that's why I preferred another opening.} 1. e4 c5 2. Nf3 d6
3. d4 cxd4 4. Nxd4 Nf6 5. Nc3 a6 6. g3 e5 7. Nde2 {Recently this move has
become very popular but I don't understand why.} ({Another continuation is} 7.
Nb3) 7... Be7 8. Bg2 O-O ({I forgot, that in the game Jakovenko,D-Belov,V/
Khanty-Mansiysk 2007 Black had some troubles because he didn't castle in time.
} 8... Nbd7 9. a4 b6 10. h3 Bb7 11. g4 Nc5 12. Ng3 g6 13. Bh6 Ne6 14. Qd2 Rc8
15. Rd1 Ng8 16. Be3 Nf6 17. O-O O-O 18. Nd5 $14) 9. O-O Nbd7 ({I can't reveal,
why} 9... b5 $5 {is not good.}) 10. a4 b6 11. h3 Bb7 12. g4 Rc8 ({Another way
is} 12... Nc5 13. Ng3 g6 $5 {and White's knight will never get to f5 .}) 13.
Ng3 Nc5 14. g5 ({During the game I liked} 14. Nd5 {even less.} Nxd5 15. exd5 a5
$132) ({or} 14. Be3 g6 15. Nd5 Bxd5 (15... Nxd5 16. exd5 Bg5 17. f4 exf4 18.
Bxf4 a5 19. Qd2 $13) 16. exd5 a5 $13 {But, now I think that Black is ok here.})
14... Nfd7 15. h4 {Too slow - a non-Sicilian move.} ({More concrete was} 15.
Nf5 Bxg5 16. Qg4 Ne6 (16... h6 17. Rd1 Nf6 18. Bxg5 hxg5 19. Qxg5 Ne6 20. Qh4
$14) 17. Bxg5 Nxg5 18. Rfd1 {and the black pieces are slightly "hanging in the
air". But even here Black retains enough resources to find some counterplay.
For example:} Rc7 (18... Ne6 19. Rxd6 g6 20. Nh6+ Kg7 21. Rad1 Rc7 22. Nxf7 $14
) 19. Rxd6 g6 20. h4 Ne6 21. Nh6+ Kg7 22. Nxf7 Rxf7 23. Rxe6 Nc5 $44 {and
active counterplay for Black compensates for the lack of material.}) 15... g6
$132 {Now Black has solved all his opening problems.} 16. Be3 ({I would prefer
} 16. f4 exf4 17. Bxf4 Ne5 18. Nd5 Bxd5 19. exd5 a5 $13 {, though even here
White can't count on an advantage.}) 16... Ne6 17. Bh3 $2 {An artificial move,
after which Black, thanks to an original combination, gets a decisive
advantage.} ({After} 17. Qg4 {my opponent disliked} Rc4 $132) ({In the event of
} 17. Nd5 Bxd5 18. exd5 {Black has the opportunity to play} Nf4 {with a more
pleasant game.} 19. Bxf4 exf4 20. Ne2 h6 $15) 17... Nf4 $1 18. Bxf4 {
Consistent, but bad.} ({It is hard to recommend} 18. Qg4 Nxh3+ 19. Qxh3 Rc4 $15
) ({Maybe} 18. Bg4 $5 {was preferable.}) 18... exf4 19. Nge2 f3 20. Nd4 {
White plays very logically. However, there is no way back.} ({It's hardly
possible to save the game after} 20. Ng3 Ne5 $17) 20... Bxg5 $1 21. hxg5 (21.
Nxf3 Bf6 $17) 21... Qxg5+ 22. Kh1 Rxc3 $1 {The point of the combination! The
exchange sacrifice on c3 in the Sicilian Defence looks so strong, that it even
helps in an attack on the kingside.} 23. bxc3 Qh4 24. Kh2 {The only move.} (24.
Nxf3 Bxe4 25. Kh2 Qf4+ 26. Kg1 Bxf3 27. Qd4 Qh6 28. Kh2 (28. Bg2 Qg5) 28... Ne5
29. Rg1 Bg4 $19 {Loses by force. When I had seen 27...Qh6, I calmed down.})
24... Ne5 {The knight gets into attack with tempo.} 25. Rg1 Qxf2+ 26. Kh1 Qh4
27. Kh2 Qf2+ 28. Kh1 Qh4 29. Kh2 h5 $1 {Black was not satisfied with a draw
and continued his attack. Fortunately, he has firm foundations for it.} 30.
Nxf3 {At least White has annihilated the f3 pawn, which caused him so much
trouble. But it brings him no relief.} (30. Nf5 Qf4+ 31. Rg3 h4 32. Nxh4 Qxh4
$19) 30... Qf4+ 31. Rg3 Bxe4 $1 {Only this move allows Black to end the game
immediately} ({If there was any delay, White could organise a defence.} 31...
h4 32. Nxh4 Qxh4 33. Qxd6 $17) 32. Ng5 (32. Nxe5 h4 $1 $19 {lost nicely.})
32... h4 33. Nxe4 hxg3+ 34. Nxg3 Nf3+ 35. Kg2 Nh4+ 36. Kh1 Qxg3 37. Qg4 Qxc3
38. Rf1 Qc6+ 39. Kg1 Qc5+ 40. Rf2 Nf5 $19 {The time control had passed. The
black position is winning, three extra pawns mean that he has no trouble.} 41.
Qf4 Re8 42. Bxf5 Qxf5 43. Qxf5 gxf5 44. Rd2 (44. Rxf5 Re1+ 45. Kf2 Rc1) 44...
Re6 45. c4 Re4 46. Rxd6 Rxc4 47. Rxb6 Rxa4 48. Kf2 Kg7 49. Kf3 a5 50. Ke3 f6
51. Kf3 Kg6 52. Rb8 Ra1 53. Rg8+ Kf7 54. Rg2 a4 55. Kf4 Rf1+ 56. Kg3 Rb1 57.
Rc2 a3 58. Kf4 Rb4+ 59. Kxf5 Rb5+ 60. Kf4 Ra5 {In this game I managed to
calculate and implement a wonderful and correct combination.} 0-1